000 00524nam a2200181Ia 4500
005 20250508155536.0
008 008 250505s9999 xx 000 0 eng d
037 _aBooks to be hide in OPAC
040 _aFEDL
_beng
_cFEDL
041 _aeng
_2eng
084 _a331.88, IND/O
_qFEDL
245 0 _aList of trade unions in India 1956-57
245 0 _cMinistry of Labour and Employment. Government of India
260 _c1959
300 _a204p.
942 _cHB
_h331.88, IND/O
999 _c1357591
_d1357591